Tourist guide book.

محفوظ في:

مؤلف مشترك: Nādī al-Sayyārāt wal-al-Riḥlāt al-Miṣrī

التنسيق: كتاب

اللغة: English

منشور في: Cairo : [publisher not identified], 1973.

الموضوعات:

الوسوم: إضافة وسم

لا توجد وسوم, كن أول من يضع وسما على هذه التسجيلة!

رقم الطلب: DT45 .A57 1973

LEADER 00741namaa2200241 4500
001 21697
003 OSt
005 20260318065210.0
008 130303s1973 ua ab r 000 0 eng d
010 |a 73643103 
040 |c ARCE Library 
043 |a f-ua--- 
050 4 |a DT45 .A57 1973 
110 2 |a Nādī al-Sayyārāt wal-al-Riḥlāt al-Miṣrī, 
245 1 0 |a Tourist guide book. 
264 1 |a Cairo :  |b [publisher not identified],  |c 1973. 
300 |a volumes :  |b illustrations, folded color maps ;  |c 25 cm. 
362 0 |a 1973- 
500 |a Volumes for 1973- issued by the body under its English form of name : Automobile & Touring Club of Egypt. 
651 0 |a Egypt  |v Guidebooks. 
901 |a reviewed 
942 |c BK  |2 lcc 
999 |c 21916  |d 21916